000 01037cam a22002651i 4500
003 SA-RiAUC
005 20250116063215.0
008 250115s2003 ua f f000 0 ara c
040 _aJO-IrYU
_bara
_cSA-RiAUC
_erda
050 1 4 _bA2 2003
082 0 4 _a345.06
_qSA-RiAUC
090 _a345.06
_b ع ا ب
100 1 _aعابد، عبد الحافظ عبد الهادي،
_d1951-
_eمؤلف.
245 1 2 _aالإثبات الجنائي بالقرائن :
_bدراسة مقارنة /
_cعبد الحافظ عبد الهادي عابد.
264 1 _aالقاهرة :
_bالهيئة المصرية العامة للكتاب،
_c2003
300 _a659 صفحة ؛
_c24 سم
336 _aنص
_btxt
_2rdacontent
_3كتاب
337 _aبدون وسيط
_bn
_2rdamedia
338 _aمجلد
_bnc
_2rdacarrier
500 _aاهداء من فواز
650 7 _aالأدلة الجنائية
_2aucsh
650 7 _aالإثبات (قانون)
_2aucsh
942 _2ddc
_cBOOK
_n0
949 _aSA-JeALM
_d250115
_umohamedma123
_n1
999 _c4837
_d4837